Statistiques concernant Titres de chansons de Jean-Jacques Goldman - Clic Quiz

Cliquez ici pour prendre le quiz!

Statistiques générales

  • Ce quiz a été pris 2 396 fois
  • Le résultat moyen est 22 sur 25

Statistiques - réponses

HintRéponse% Correct
Quand la musique estbonne
98%
À nos actesmanqués
97%
Je tedonne
96%
Là-bas
95%
Né en 17 àLeidenstadt
95%
Au bout de mesrêves
95%
Je marcheseul
95%
Quand la bouteille estvide
95%
Envole-moi
93%
Il suffira d'unsigne
93%
4 mots sur unpiano
92%
La vie parprocuration
91%
La Chanson desRestos
90%
Onira
88%
C'est tachance
87%
Encore unmatin
87%
Tournent lesviolons
86%
Il changeait lavie
85%
Puisque tupars
82%
Pastoi
81%
Justeaprès
80%
Bonneidée
79%
Elleattend
78%
Nosmains
74%
Quelque chose debizarre
73%

Distribution des résultats

Percentile par nombre de réponses

% des personnes avec chaque résultat

Votre développement - résultats

Vous n’avez pas pris ce quiz